| 000 | 00587nam a22002297a 4500 | ||
|---|---|---|---|
| 005 | 20170124105941.0 | ||
| 010 | _aA-722494 | ||
| 020 | _c00.00 | ||
| 035 | _aA-722494 | ||
| 037 | _bCen Lib/Ret | ||
| 040 |
_aDPL _bEN |
||
| 082 |
_a239 _2GUN |
||
| 100 |
_aGunaki, Basavaraj _991282 |
||
| 245 |
_aShirdi saibaba : _cby Basavraj Gunaki _bepic / |
||
| 260 |
_aKarnataka _bSai Baba Publishers _c1994 |
||
| 270 | _bKarnataka | ||
| 300 |
_a348p. _c20cm(Hb) |
||
| 500 | _a | ||
| 650 |
_aHinduism _y _991283 |
||
| 650 |
_aHindus _991284 |
||
| 942 |
_2ddc _cEN _h239 _mGUN |
||
| 999 |
_c124574 _d124574 |
||